000 00768nam a2200241 a 4500
008
020 _a0521467462 (pbk.)
049 _aMAIN
090 _aQC174.17.C45
100 1 _aNakamura, Katsuhiro.
245 1 0 _aQuantum chaos :
_ba new paradigm of nonlinear dynamics /
_cKatsuhiro Nakamura.
260 _aCambridge :
_bCambridge University Press,
_c1994, c1993.
300 _axii, 208 p. :
_bill. ;
_c23 cm.
440 0 _aCambridge nonlinear science series ;
_v3.
504 _aIncludes bibliographical references.
500 _aIncludes index.
650 0 _aQuantum chaos.
907 _a.b10041825
_b11-02-04
_c17-04-03
003
005 20230123133210.0
040 _cNUST
942 _cBOOKS
_kQC174.17.C45
999 _c144428
_d144428